000 00309nam a2200133Ia 4500
008 230917s9999||||xx |||||||||||||| ||und||
040 _e123497
_aMAIN
041 _aEnglish
082 _a361.6 G552S
100 _aGoel, S L
245 0 _aSerial welfare administration; V2
300 _a386p. p.
942 _cBK
999 _c63291
_d63291